| 000 | 01227nam a2200277Ia 4500 | ||
|---|---|---|---|
| 999 |
_c55019 _d55019 |
||
| 001 | 22093 | ||
| 003 | GE_BSU | ||
| 005 | 20221024163551.0 | ||
| 008 | 181216s ||||ge |||||||||||||| ||geo|| | ||
| 020 | _a9789941130069 | ||
| 040 | _cGE_BSU | ||
| 041 | _ageo | ||
| 080 | _a165+ 130+ 612 ც-13 | ||
| 100 |
_aცაგარელი, სულხან _915498 |
||
| 245 |
_aცნობიერება : _bსახელმძღვანელო / _cსულხან ცაგარელ ; რედ. ა. შათირიშვილი ; გარეკანი თინათინ ჩირინაშვილი. |
||
| 264 |
_aთბილისი : _bთბილ. უნ-ტის გამ-ბა, _c2008. |
||
| 300 |
_a179გვ. : _b სურ. ; _c20 სმ |
||
| 504 | _aბიბლიოგრაფია გვ. : 168-173 | ||
| 541 | _h17ლ.30თ. | ||
| 653 | _aსულიერების ფილოსოფია | ||
| 653 | _aცნობიერება | ||
| 653 | _aცნობიერება | ||
| 653 | _aფსიქოფიზიოლოგია | ||
| 700 |
_aშათირიშვილი, ა. _eრედაქტორი _92669 |
||
| 942 |
_cBK _2udc |
||